Les États des USA par superficie - Statistiques

Statistiques générales
  • Ce quiz a été pris 439 fois
  • Le résultat moyen est 29 sur 50
Réponses sur la Carte
Les réponses sont colorées sur une échelle allant du rouge au vert en fonction du pourcentage des utilisateurs qui les ont devinées à leur premier essai. Vous pouvez retrouver ces pourcentages ci-dessous.
 
Statistiques - réponses
État Superficie % Correct
Alaska 1 481 305
100%
Texas 676 587
98%
Californie 403 466
96%
Montana 376 962
86%
Nouveau-Mexique 314 161
73%
Arizona 294 207
70%
Nevada 284 332
70%
Colorado 268 431
66%
Oregon 248 608
65%
Wyoming 251 470
65%
Idaho 214 045
63%
Utah 212 818
62%
Kansas 211 754
58%
Minnesota 206 232
58%
Rhode Island 2 678
58%
Dakota du Sud 196 350
57%
Dakota du Nord 169 752
55%
Nebraska 198 974
55%
Washington 172 119
55%
Delaware 5 047
54%
Illinois 143 793
54%
Michigan 146 435
54%
Missouri 178 040
54%
Oklahoma 177 660
54%
Floride 138 887
53%
Hawai 16 635
53%
Alabama 131 171
52%
Caroline du Nord 125 920
52%
Géorgie 148 859
52%
Iowa 144 669
52%
Maine 79 883
52%
New York 122 057
52%
Arkansas 134 771
51%
Caroline du Sud 77 857
51%
Connecticut 12 542
51%
Indiana 92 789
51%
Kentucky 102 269
51%
Louisiane 111 898
51%
Massachusetts 20 202
51%
Ohio 105 829
51%
Tennessee 106 798
51%
Virginie 102 279
51%
Virginie-Occidentale 62 259
51%
Wisconsin 140 268
51%
Mississippi 121 531
50%
New Hampshire 23 187
50%
New Jersey 19 047
50%
Pennsylvanie 115 883
50%
Vermont 23 871
50%
Maryland 25 142
49%
Aucun quiz correspondant
Distribution des résultats
% des personnes avec chaque résultat
Percentile par nombre de réponses
Votre historique - résultats
Vous n’avez pas pris ce quiz